Kpop Demon Hunters - Golden (paroles) - Statistics

General Stats
  • This quiz has been taken 118 times
  • The average score is 175 of 293
Answer Stats
Aide Paroles % Correct
a
97%
I
97%
was
90%
alone
87%
ghost,
84%
the
81%
be
80%
be,
80%
to
80%
To
80%
know
78%
we
74%
me
72%
queen
72%
no
71%
No
71%
throne
71%
I'm
70%
believe
69%
Given
69%
live
69%
that
69%
up,
69%
up
69%
meant
67%
now
66%
Now
66%
born
65%
Born
65%
golden
65%
hidin',
65%
how
65%
moment
65%
shinin'
65%
goin'
64%
Like
64%
like
64%
our
63%
done
62%
two
62%
'cause
60%
'Cause
60%
It's
60%
it's
60%
Gonna
59%
gonna
59%
We're
59%
we're
59%
But
57%
my
57%
both
56%
child,
56%
lives,
56%
sides
56%
got
55%
own
55%
so
53%
wild
53%
find
52%
couldn't
51%
lived
51%
place
51%
problem
51%
voices
51%
are
50%
getting
50%
Oh,
50%
that's
50%
That's
50%
too
50%
You
50%
on
49%
paid,
49%
Called
47%
play
47%
hunters,
45%
glowin'
44%
lies
44%
together
44%
fears,
43%
stage
43%
strong
43%
and
41%
And
41%
dreamin'
41%
far
41%
came
40%
in
40%
who
40%
with
40%
time,
38%
tried
37%
hiding,
36%
more
36%
glowing
35%
hard,
35%
see
35%
break
31%
girl
31%
shining
31%
feel
30%
past
30%
walls
30%
all
29%
down
29%
finally
29%
long
29%
wake
29%
I'll
28%
patterns
28%
these
28%
they
28%
eoduwojin eoduwojin
26%
Put
26%
apgilsoge apgilsoge
24%
Waited
23%
kkeuteopsi kkeuteopsi
21%
eomneun eomneun
20%
kkaejil kkaejil
20%
su su
20%
Yeongwonhi Yeongwonhi
20%
Balkge Balkge
14%
bitnaneun bitnaneun
14%
urin urin
14%
didin't
0%
No matching quizzes found
Score Distribution
Percent of People with Each Score
Percentile by Number Answered
Your Score History
You have not taken this quiz